| 000 | 01020nam a2200337 a 4500 | ||
|---|---|---|---|
| 001 | ASIN0091796296 | ||
| 005 | 20170105102848.0 | ||
| 008 | 130819s2007 xxu eng d | ||
| 020 | _a0091796296 (hardcover) | ||
| 020 | _a9780091796297 (hardcover) | ||
| 040 | _a0 | ||
| 050 | 0 | 4 | _aJN1129.L32 |
| 082 | 0 | 4 | _a941.086092 |
| 245 | 1 | 4 |
_aThe blair years : _bextracts from the alastair campbell diaries / _cAlastair Campbell, Richard Stott. |
| 250 | _a1st ed. | ||
| 260 |
_a[S.l.] : _bHutchinson, _c2007. |
||
| 300 |
_a794 p. ; _c24 cm. |
||
| 500 | _aImport. | ||
| 650 | 0 | _aBlair, Tony, 1953- | |
| 650 | 0 | _aCampbell, Alastair, 1957- | |
| 650 | 0 | _aFriendship | |
| 650 | 0 | _aGreat Britain | |
| 650 | 0 | _aLabour Party (Great Britain) | |
| 650 | 0 | _aPolitical science | |
| 650 | 0 | _aPress secretaries | |
| 650 | 0 | _aPrime ministers | |
| 700 | 1 | _aCampbell, Alastair. | |
| 700 | 1 | _aStott, Richard. | |
| 856 | 4 | 0 |
_3Amazon.com _uhttp://www.amazon.com/exec/obidos/ASIN/0091796296/chopaconline-20 |
| 942 |
_2ddc _cBK |
||
| 999 |
_c14144 _d14144 |
||